书目信息 |
| 题名: |
60平方米/小时水力循环澄清池
|
|
| 作者: | 上海市政工程设计院 主编 | |
| 分册: | ||
| 出版信息: | 北京 国家建委建筑科学研究院建筑标准设计研究所发行 2019.07.05 |
|
| 页数: | 12页 | |
| 开本: | 24cm | |
| 丛书名: | ||
| 单 册: | ||
| 中图分类: | TU991.23-65 | |
| 科图分类: | ||
| 主题词: | 给水工程:市政工程 , 城市供水系统 | |
| 电子资源: | ||
| ISBN: | ||
| 000 | 00770nam0 2200205 450 | |
| 001 | 1630899505 | |
| 005 | 20160627083545.12 | |
| 010 | @dCNY0.30 | |
| 100 | @a20160627d2019 km y0chiy0120 ea | |
| 101 | 0 | @achi |
| 102 | @aCN@b110000 | |
| 200 | 1 | @a60平方米/小时水力循环澄清池@A60 ping fang mi/xiao shi shui li xun huan cheng qing chi@f上海市政工程设计院主编@Fshang hai shi zheng gong cheng she ji yuan zhu bian |
| 210 | @a北京@c国家建委建筑科学研究院建筑标准设计研究所发行@d2019.07.05 | |
| 215 | @a12页@d24cm | |
| 606 | 0 | @a给水工程:市政工程 |
| 606 | 0 | @a城市供水系统 |
| 690 | @aTU991.23-65@v4 | |
| 701 | 0 | @a上海市政工程设计院@Ashang hai shi zheng gong cheng she ji yuan@4主编 |
| 801 | 0 | @aCN@b大连网信软件有限公司图书馆·11@c20160627 |
| 905 | @aZUCC@dTU991.23-65@eSH784 | |
| 60平方米/小时水力循环澄清池/上海市政工程设计院主编.-北京:国家建委建筑科学研究院建筑标准设计研究所发行,2019.07.05 |
| 12页;24cm |
| ISBN :CNY0.30 |
| ● |
| 相关链接 |
|
|
|
正题名:60平方米/小时水力循环澄清池
索取号:TU991.23-65/SH784
 
预约/预借
| 序号 | 登录号 | 条形码 | 馆藏地/架位号 | 状态 | 备注 |
| 1 | 1238253 | 212382535 | 建筑库201/201建筑库 104排7列3层/ [索取号:TU991.23-65/SH784] | 在馆 |